1 image 🖼️, 1 jeu 🎮 ! N°1 - Statistiques

Statistiques générales
  • Ce quiz a été pris 93 fois
  • Le résultat moyen est 7 sur 20
Statistiques - réponses
Par images Hint Réponse % Correct
2007 / PS2, PS3, Xbox 360 Guitar Hero III: Legends of Rock
83%
2018 / PS4 Detroit: Become Human
78%
2005 / PS2 Resident Evil 4
75%
2000 / Nintendo 64 The Legend of Zelda: Majora's Mask
70%
2005 / Xbox, PC Fable
40%
1990 / SNES F-Zero
37%
2002 / GameCube Metroid Prime
36%
1999 / Dreamcast Shenmue
35%
2013 / Toutes les plateformes Bioshock Infinite
34%
2019 / Toutes les plateformes A Plague Tale: Innocence
33%
1991 / Megadrive Streets of Rage
33%
2018 / Nintendo Switch, Xbox One Octopath Traveler
27%
2003 / Gamecube Tales of Symphonia
17%
2016 / Toutes les plateformes XCOM 2
17%
2000 / Nintendo 64 Perfect Dark
10%
2015 / Toutes les plateformes Axiom Verge
7%
2011 / PSP, PSVITA Final Fantasy Type-0
7%
2010 / Toutes les plateformes Medal of Honor
7%
2010 / Toutes les plateformes Darksiders
6%
2021 / Toutes les plateformes The Ascent
5%
Aucun quiz correspondant
Distribution des résultats
% des personnes avec chaque résultat
Percentile par nombre de réponses
Votre historique - résultats
Vous n’avez pas pris ce quiz